[Event "FIDE Women's Grand Swiss"]
[Site "Samarkand UZB"]
[Date "2025.09.05"]
[Round "2.11"]
[White "Lu, Miaoyi"]
[Black "Efroimski, Marsel"]
[Result "1/2-1/2"]
[WhiteTitle "IM"]
[BlackTitle "IM"]
[WhiteElo "2449"]
[BlackElo "2377"]
[WhiteFideId "8618020"]
[BlackFideId "2810964"]
[EventDate "2025.09.04"]

1. d4 d5 2. Bf4 Nf6 3. e3 e6 4. Nf3 c5 5. c3 Nc6 6. Nbd2 cxd4 7. exd4 Nh5 8. Be3
Bd6 9. Bb5 Nf4 10. O-O Ng6 11. Bd3 f5 12. Bg5 Qd7 13. Re1 O-O 14. h4 h6 15. Be3
Qf7 16. Nb3 Qf6 17. h5 Nge7 18. Bb5 Qf7 19. Ne5 Nxe5 20. dxe5 Bxe5 21. Bc5 Bf6
22. f4 a6 23. Bd3 Bd7 24. Qe2 Rfe8 25. Na5 Bc8 26. g3 Rd8 27. a4 Nc6 28. Nxc6
bxc6 29. a5 Be7 30. Bb6 Re8 31. Qe5 Qxh5 32. Qc7 Qf7 33. Qxc6 Bd7 34. Qc7 Rec8
35. Qe5 Bc5+ 36. Kg2 Qf6 37. Qe2 Bxb6 38. axb6 Rcb8 39. Rxa6 Rxa6 40. Bxa6 Rxb6
41. Bd3 Qd8 42. Qf2 Rb3 43. Re2 Qb8 44. Kg1 Kf7 45. Kf1 Qa8 46. Qc5 Qa1+ 47. Re1
Qxb2 48. Qd6 Rb7 49. Rb1 Qxb1+ 50. Bxb1 Rxb1+ 51. Kf2 Bb5 52. Qb6 Rf1+ 53. Ke3
Bc4 54. Kd4 Re1 55. Kc5 Kg6 56. Kd6 Kh5 57. Qf2 Re4 58. Qf3+ Kg6 59. Ke7 e5 60.
Kf8 d4 61. fxe5 d3 62. Qf2 Rxe5 63. Qd4 Rd5 64. Qxc4 Rd8+ 65. Ke7 d2 66. Qf7+
Kh7 67. Qxf5+ Kh8 68. Kxd8 d1=Q+ 69. Qd7 Qf3 70. Qe8+ Kh7 71. Qe5 Qa8+ 72. Kc7
Qa7+ 73. Kc6 Qa6+ 74. Kc5 Qa7+ 75. Kd5 Qd7+ 76. Ke4 Qc6+ 77. Kd3 Qf3+ 78. Kd4
Qf2+ 79. Kd5 Qf7+ 80. Kd6 Qf8+ 81. Kd5 Qf7+ 82. Kd4 Qf2+ 83. Kd3 Qf3+ 84. Kc2
Qf2+ 85. Kd3 Qf3+ 1/2-1/2

[Event "FIDE Women's Grand Swiss"]
[Site "Samarkand UZB"]
[Date "2025.09.05"]
[Round "2.12"]
[White "Maltsevskaya, Aleksandra"]
[Black "Tsolakidou, Stavroula"]
[Result "1/2-1/2"]
[WhiteTitle "IM"]
[BlackTitle "IM"]
[WhiteElo "2379"]
[BlackElo "2445"]
[WhiteFideId "24174041"]
[BlackFideId "4264312"]
[EventDate "2025.09.04"]

1. e4 e5 2. Bc4 Nc6 3. Nf3 d6 4. d3 Na5 5. Nc3 Nxc4 6. dxc4 f5 7. c5 Nf6 8. Bg5
fxe4 9. Nxe4 Be6 10. O-O Be7 11. cxd6 cxd6 12. Bxf6 gxf6 13. Qd2 d5 14. Ng3 Qc7
15. Qh6 O-O-O 16. Rfe1 Bg4 17. Qg7 Rdg8 18. Qf7 Bb4 19. Qxf6 Bxe1 20. Rxe1 Bxf3
21. Qxf3 e4 22. Qf5+ Qd7 23. Rd1 Rd8 24. Qf4 Rhf8 25. Qe3 Qa4 26. Ne2 Rf6 27.
Nc3 Qc4 28. Qxa7 d4 29. Qa8+ Kc7 30. Qa5+ Kc8 31. Qa8+ 1/2-1/2

[Event "FIDE Women's Grand Swiss"]
[Site "Samarkand UZB"]
[Date "2025.09.05"]
[Round "2.13"]
[White "Arabidze, Meri"]
[Black "Guo, Qi"]
[Result "1/2-1/2"]
[WhiteTitle "IM"]
[BlackTitle "IM"]
[WhiteElo "2444"]
[BlackElo "2371"]
[WhiteFideId "13604040"]
[BlackFideId "8604002"]
[EventDate "2025.09.04"]

1. c4 e6 2. Nf3 d5 3. g3 dxc4 4. Qa4+ Bd7 5. Qxc4 c5 6. Ne5 Nc6 7. Nxd7 Qxd7 8.
Bg2 Rc8 9. O-O Nf6 10. Qc2 Nd4 11. Qd1 Be7 12. d3 O-O 13. Nc3 Rfd8 14. b3 Nb5
15. Na4 Nd5 16. Bb2 Bf6 17. Bxd5 Qxd5 18. Bxf6 gxf6 19. Rc1 b6 20. Nc3 Nxc3 21.
Rxc3 Qe5 22. Qc2 a5 23. Rc4 Rd4 24. e3 Rxc4 25. bxc4 Kg7 26. Rb1 Rc6 27. Rb3 Qc7
28. Qe2 f5 29. Qf3 Rd6 30. h3 Qd8 31. Qe2 Qf6 32. Kg2 h6 33. Qd1 Qd8 34. Qa1+
Kg6 35. Qb1 Kg7 36. Qc2 Qf6 37. Qb1 Qd8 38. h4 Qa8+ 39. Kg1 Qd8 40. Qb2+ Qf6 41.
Qc2 Qd8 1/2-1/2

[Event "FIDE Women's Grand Swiss"]
[Site "Samarkand UZB"]
[Date "2025.09.05"]
[Round "2.14"]
[White "Karimova, Guldona"]
[Black "Javakhishvili, Lela"]
[Result "1-0"]
[WhiteTitle "WIM"]
[BlackTitle "IM"]
[WhiteElo "2324"]
[BlackElo "2434"]
[WhiteFideId "14210410"]
[BlackFideId "13601458"]
[EventDate "2025.09.04"]

1. e4 g6 2. d4 Bg7 3. Nc3 c6 4. Be3 d5 5. e5 c5 6. f4 Nc6 7. Bb5 f6 8. dxc5 fxe5
9. Qxd5 Bd7 10. Nf3 Nf6 11. Qb3 Ng4 12. Ng5 Rf8 13. O-O-O Qc8 14. Bc4 Nd8 15.
Rxd7 Qxd7 16. Ne6 Rf6 17. Nxg7+ Kf8 18. fxe5 Rc6 19. e6 Qc7 20. Nb5 Qe5 21. Bd4
Qg5+ 22. Kb1 a6 23. h4 Qh6 24. Qf3+ Kg8 25. Rf1 Nf6 26. Bxf6 1-0

[Event "FIDE Women's Grand Swiss"]
[Site "Samarkand UZB"]
[Date "2025.09.05"]
[Round "2.15"]
[White "Ushenina, Anna"]
[Black "Krush, Irina"]
[Result "1/2-1/2"]
[WhiteTitle "GM"]
[BlackTitle "GM"]
[WhiteElo "2409"]
[BlackElo "2366"]
[WhiteFideId "14110911"]
[BlackFideId "2012782"]
[EventDate "2025.09.04"]

1. e4 c5 2. c3 d5 3. exd5 Qxd5 4. d4 Nc6 5. Nf3 e6 6. Na3 Nf6 7. Be3 cxd4 8. Nb5
Qd8 9. Nbxd4 Nd5 10. Bg5 Be7 11. Nxc6 bxc6 12. Bxe7 Qxe7 13. Bd3 O-O 14. O-O c5
15. Qc2 h6 16. Rfe1 Bb7 17. Rad1 Rfd8 18. Be4 Nf6 19. Bxb7 Qxb7 20. Ne5 Rab8 21.
g3 Nd7 22. Nc4 Nb6 23. Nxb6 Qxb6 24. b3 a5 25. Qe4 Qb5 26. h4 Rbc8 27. Kg2 h5
28. Qe5 Qc6+ 29. Kg1 g6 30. Qe2 Rxd1 31. Rxd1 c4 32. Rc1 cxb3 1/2-1/2

[Event "FIDE Women's Grand Swiss"]
[Site "Samarkand UZB"]
[Date "2025.09.05"]
[Round "2.16"]
[White "Kulon, Klaudia"]
[Black "Song, Yuxin"]
[Result "0-1"]
[WhiteTitle "IM"]
[BlackTitle "IM"]
[WhiteElo "2361"]
[BlackElo "2409"]
[WhiteFideId "1131044"]
[BlackFideId "8614300"]
[EventDate "2025.09.04"]

1. d4 Nf6 2. c4 e6 3. Nf3 d5 4. Nc3 dxc4 5. e4 b5 6. e5 Nd5 7. Nxb5 Nb6 8. Be2
Be7 9. O-O Nc6 10. Be3 O-O 11. Qc1 Rb8 12. Na3 Bxa3 13. bxa3 Bb7 14. Rd1 Qd5 15.
Bg5 h6 16. Bh4 Rfe8 17. Rb1 Ne7 18. Bxe7 Rxe7 19. Rb4 Qc6 20. Ne1 a5 21. Rb2 Ba6
22. Qc3 Ra8 23. Bf3 Nd5 24. Bxd5 Qxd5 25. Nc2 Rd7 26. Ne3 Qc6 27. Rbd2 Rad8 28.
Qxa5 c3 29. Rc2 Rxd4 30. Rxd4 Rxd4 31. Rxc3 Qb6 32. Qxb6 cxb6 33. Rc6 Ra4 34.
Rxb6 Rxa3 35. Rb2 g5 36. g3 Ra5 37. f4 Ra4 38. Ng4 Kg7 39. Nf6 gxf4 40. Rb8 Kg6
41. g4 Kg5 42. Rg8+ Kh4 43. Rh8 Kg5 44. Rg8+ Kh4 45. Rh8 f3 46. Kf2 Bb7 47.
Rxh6+ Kg5 48. Rh7 Rxa2+ 49. Ke3 Re2+ 50. Kd4 f2 51. Rg7+ Kh4 52. Rh7+ Kg5 53.
Rg7+ Kf4 54. Nh5+ Kf3 55. Rxf7+ Kxg4 56. Ng3 Bf3 57. Nf1 Re4+ 58. Kc5 Rxe5+ 59.
Kd6 Re1 60. Rg7+ Kf5 61. Rf7+ Kg6 62. Rxf3 Rxf1 63. Ke7 Kg5 64. Rf8 Kg4 65. Rf6
Kh3 66. Kf7 e5 67. Ke6 Kg2 68. Rg6+ Kxh2 69. Rf6 Kg3 70. Rg6+ Kf3 71. Rf6+ Ke2
72. Kxe5 Re1 73. Kd4 0-1

[Event "FIDE Women's Grand Swiss"]
[Site "Samarkand UZB"]
[Date "2025.09.05"]
[Round "2.17"]
[White "Wafa, Shrook"]
[Black "Danielian, Elina"]
[Result "1-0"]
[WhiteTitle "WGM"]
[BlackTitle "GM"]
[WhiteElo "2202"]
[BlackElo "2405"]
[WhiteFideId "10609970"]
[BlackFideId "13300210"]
[EventDate "2025.09.04"]

1. e4 d6 2. d4 g6 3. Nc3 Bg7 4. f4 a6 5. Be3 b5 6. a3 Bb7 7. Be2 Nd7 8. Bf3 e5
9. Nge2 Ngf6 10. O-O O-O 11. Qd2 exd4 12. Bxd4 Re8 13. Ng3 Qb8 14. Rfe1 c5 15.
Bxf6 Nxf6 16. Rad1 h5 17. e5 dxe5 18. fxe5 Rxe5 19. Rxe5 Bxf3 20. Rde1 Bc6 21.
R5e2 Ng4 22. Nf1 b4 23. axb4 cxb4 24. Nd5 Qa7+ 25. Kh1 Bb5 26. h3 Bxe2 27. Rxe2
Nf6 28. Nxb4 Qb6 29. Nd3 Rd8 30. Qe3 Qb5 31. b3 Nd5 32. Qf3 Qd7 33. Ng3 Nc3 34.
Re1 Qc7 35. Ne2 Nd5 36. c4 Nf6 37. Nef4 a5 38. Re5 a4 39. Rc5 Qa7 40. bxa4 Qxa4
41. Rc7 Qa1+ 42. Kh2 Qd4 43. Nd5 h4 44. Rb7 Nd7 45. Ne7+ Kh7 46. Nc6 Qd6+ 47.
Kg1 Ra8 48. Rb1 Ra3 49. Rd1 Nc5 50. Ncb4 Qd4+ 51. Nf2 Qb2 52. Nbd3 Nxd3 53. Nxd3
Qc2 54. c5 Rc3 55. c6 f5 56. Ne1 Qa4 57. Qd5 Rxc6 58. Nf3 Qa7+ 59. Kh1 Rc8 60.
Ng5+ Kh8 61. Qe6 Qc5 62. Qxg6 Kg8 63. Qh7+ 1-0

[Event "FIDE Women's Grand Swiss"]
[Site "Samarkand UZB"]
[Date "2025.09.05"]
[Round "2.18"]
[White "Khalilova, Madinabonu"]
[Black "Bulmaga, Irina"]
[Result "1/2-1/2"]
[WhiteTitle "WCM"]
[BlackTitle "IM"]
[WhiteElo "2148"]
[BlackElo "2400"]
[WhiteFideId "14223422"]
[BlackFideId "13903063"]
[EventDate "2025.09.04"]

1. d4 Nf6 2. c4 e6 3. Nc3 d5 4. cxd5 exd5 5. Bg5 Be7 6. e3 O-O 7. Bd3 Re8 8. Qc2
h6 9. Bh4 c6 10. Nge2 a5 11. O-O b5 12. Rae1 Ba6 13. f3 a4 14. a3 Nbd7 15. Bf2
b4 16. axb4 Bxd3 17. Qxd3 Bxb4 18. Ra1 Nb6 19. Ra2 Bd6 20. Rfa1 Qb8 21. g3 Ra7
22. Qc2 Rb7 23. Nd1 Rc7 24. Nec3 c5 25. Nb5 Rcc8 26. Nxd6 Qxd6 27. dxc5 Rxc5 28.
Nc3 Qc6 29. Qd1 g5 30. Nxa4 Ra5 31. Nxb6 Rxa2 32. Rxa2 Qxb6 33. Qd3 g4 34. b3
gxf3 35. Ra6 Qd8 36. Qf5 Kg7 37. Qxf3 Ne4 38. Qf4 Qg5 39. Ra5 Rc8 40. Qxg5+ hxg5
41. Be1 Rc1 42. Kf1 Rc2 43. Rxd5 Kg6 44. h3 Kf6 45. b4 Ke6 46. Rd4 Nd6 47. g4
Nc4 48. Bf2 f5 49. gxf5+ Kxf5 50. Kg2 Nxe3+ 51. Kf3 Nc4 52. Be1 Ne5+ 53. Kg3 Rb2
54. Rd8 Rb3+ 55. Kg2 Nd3 56. Kf1 Nxe1 57. Kxe1 Rxh3 58. b5 Rb3 59. Rb8 Kf4 60.
b6 Kg3 61. b7 g4 62. Ke2 Rb6 63. Ke3 Kg2 64. Rg8 Rxb7 65. Rxg4+ 1/2-1/2

[Event "FIDE Women's Grand Swiss"]
[Site "Samarkand UZB"]
[Date "2025.09.05"]
[Round "2.19"]
[White "Kaliakhmet, Elnaz"]
[Black "Stefanova, Antoaneta"]
[Result "0-1"]
[WhiteTitle "WIM"]
[BlackTitle "GM"]
[WhiteElo "2299"]
[BlackElo "2395"]
[WhiteFideId "13730169"]
[BlackFideId "2902257"]
[EventDate "2025.09.04"]

1. d4 Nf6 2. c4 e6 3. Nf3 d5 4. Nc3 Nbd7 5. Bf4 dxc4 6. e3 Nb6 7. Bxc4 Bd6 8.
Bg5 Nxc4 9. Qa4+ Bd7 10. Qxc4 h6 11. Bh4 Bc6 12. Ne5 Bxe5 13. dxe5 g5 14. exf6
gxh4 15. Qxh4 Qd3 16. Rd1 Qg6 17. Rg1 Rd8 18. Rxd8+ Kxd8 19. e4 Qg5 20. Qxg5
hxg5 21. h3 e5 22. Ke2 Kd7 23. b4 Ke6 24. Rd1 Rc8 25. Nd5 Bxd5 26. exd5+ Kxf6
27. Ke3 Rd8 28. Ke4 c6 29. Rd3 cxd5+ 30. Rxd5 Rc8 31. Rd6+ Ke7 32. Kxe5 Rc2 33.
Rd3 Rxf2 34. Ra3 a6 35. b5 axb5 36. Ra7 f6+ 37. Ke4 Rxg2 38. Rxb7+ Ke6 39. Rb6+
Kf7 40. Rxb5 Rxa2 41. Kf5 Rf2+ 42. Kg4 Rf4+ 43. Kg3 Kg6 44. Rb6 Rd4 45. Ra6 Kf5
46. Ra5+ Ke6 47. Ra6+ Ke5 48. Ra5+ Rd5 49. Ra8 f5 50. Re8+ Kf6 51. Ra8 Rd3+ 52.
Kg2 Ke5 53. Ra4 Rd2+ 54. Kf3 Rd3+ 55. Kg2 f4 56. Ra8 Rg3+ 57. Kh2 Re3 58. Kg2
Kf5 59. Ra5+ Re5 60. Ra8 Re2+ 61. Kf3 Rh2 62. Rf8+ Kg6 63. Rh8 Ra2 64. Rg8+ Kf6
65. Rf8+ Kg7 66. Rf5 Kg6 67. Rf8 Ra3+ 68. Kg2 Ra5 69. Kf3 Kg7 70. Rb8 Ra3+ 71.
Kg2 Ra2+ 72. Kg1 Kf6 73. Rf8+ Ke5 74. h4 g4 75. h5 g3 76. h6 Rh2 77. Re8+ Kf5
78. Rf8+ Ke4 79. Rf6 Kf3 80. Ra6 Rh5 81. Rb6 Rc5 82. Rb3+ Kg4 83. Rb1 Rh5 84.
Rb6 Kg5 85. Rb8 Rxh6 86. Rg8+ Kf5 87. Ra8 Rh2 88. Rf8+ Ke4 89. Re8+ Kf3 90. Ra8
Rd2 91. Ra3+ Ke4 92. Ra4+ Rd4 93. Ra8 Rd1+ 94. Kg2 Rd2+ 95. Kg1 Ke3 96. Ra3+ Rd3
97. Ra8 f3 98. Re8+ Kf4 99. Rf8+ Ke4 0-1

[Event "FIDE Women's Grand Swiss"]
[Site "Samarkand UZB"]
[Date "2025.09.05"]
[Round "2.20"]
[White "Mkrtchian, Lilit"]
[Black "Balajayeva, Khanim"]
[Result "1/2-1/2"]
[WhiteTitle "IM"]
[BlackTitle "IM"]
[WhiteElo "2393"]
[BlackElo "2331"]
[WhiteFideId "13300601"]
[BlackFideId "13406396"]
[EventDate "2025.09.04"]

1. Nf3 d5 2. e3 Nf6 3. b3 e6 4. Bb2 Be7 5. d4 O-O 6. Bd3 c5 7. O-O b6 8. Nbd2
Ba6 9. dxc5 Bxd3 10. cxd3 bxc5 11. e4 Nc6 12. Qe2 Qb6 13. Ne5 Nxe5 14. Bxe5 Rfd8
15. Rfd1 Qa6 16. exd5 Nxd5 17. Nc4 f6 18. Bb2 e5 19. Qe4 Rd7 20. Ne3 Rad8 21.
Nxd5 Rxd5 22. f4 Rxd3 23. Rxd3 Qxd3 24. Qxd3 Rxd3 25. fxe5 Rd2 26. exf6 gxf6 27.
Ba3 Kf7 28. Rc1 Rxa2 29. Bxc5 Bxc5+ 30. Rxc5 a5 31. Rb5 1/2-1/2

[Event "FIDE Women's Grand Swiss"]
[Site "Samarkand UZB"]
[Date "2025.09.05"]
[Round "2.21"]
[White "Tan, Zhongyi"]
[Black "Nassr, Lina"]
[Result "1-0"]
[WhiteTitle "GM"]
[BlackTitle "WIM"]
[WhiteElo "2531"]
[BlackElo "2060"]
[WhiteFideId "8603642"]
[BlackFideId "7908075"]
[EventDate "2025.09.04"]

1. e4 c5 2. Nf3 e6 3. c3 Nf6 4. e5 Nd5 5. a3 d6 6. d4 cxd4 7. c4 Nc7 8. Bg5 Be7
9. Bxe7 Qxe7 10. exd6 Qxd6 11. Qxd4 Qxd4 12. Nxd4 e5 13. Nc2 Nc6 14. Nc3 Be6 15.
O-O-O Rd8 16. Bd3 O-O 17. Rhe1 Na5 18. Rxe5 Nb3+ 19. Kb1 f6 20. Ree1 Nc5 21. Bf1
Bf5 22. b4 Nd3 23. Bxd3 Bxd3 24. c5 Rd7 25. Kb2 Rfd8 26. Ne3 Kf7 27. Rd2 Ne6 28.
Red1 Nc7 29. Ne4 Ne8 30. c6 1-0

[Event "FIDE Women's Grand Swiss"]
[Site "Samarkand UZB"]
[Date "2025.09.05"]
[Round "2.22"]
[White "Shukhman, Anna"]
[Black "Muzychuk, Anna"]
[Result "1/2-1/2"]
[WhiteTitle "WGM"]
[BlackTitle "GM"]
[WhiteElo "2420"]
[BlackElo "2535"]
[WhiteFideId "54180058"]
[BlackFideId "14111330"]
[EventDate "2025.09.04"]

1. e4 c5 2. Nf3 Nc6 3. Bb5 e6 4. O-O Nge7 5. Re1 Nd4 6. Nxd4 cxd4 7. c3 a6 8.
Bf1 Nc6 9. b4 Be7 10. a4 O-O 11. Na3 d5 12. exd5 exd5 13. b5 axb5 14. axb5 Nb8
15. cxd4 Nd7 16. Bb2 Bd6 17. Qb3 Nf6 18. g3 Be6 19. Bg2 h5 20. Nc2 Rxa1 21. Rxa1
Re8 22. Ba3 Bb8 23. Ne3 h4 24. Re1 Bf5 25. Bb4 Qd7 26. Ba5 Kh7 27. d3 Be6 28.
Bd2 Rd8 29. gxh4 Bh3 30. Qd1 Bxg2 31. Nxg2 Qh3 32. Nf4 Qxh4 33. Qf3 Bd6 34. Qh3
Qxh3 35. Nxh3 Nh5 36. Ng5+ Kg6 37. Nf3 f6 38. Nh4+ Kf7 39. Nf5 Bf8 40. Rc1 Ke6
41. Ng3 Nxg3 42. hxg3 Bd6 43. Ra1 g5 44. Ra7 Rd7 45. Ba5 Bc7 46. Bxc7 Rxc7 47.
g4 Rc3 48. Rxb7 Rxd3 49. Rb6+ Ke7 50. Rb7+ Ke6 51. Rb6+ Ke7 52. Rb7+ Ke6 53.
Rb6+ 1/2-1/2

[Event "FIDE Women's Grand Swiss"]
[Site "Samarkand UZB"]
[Date "2025.09.05"]
[Round "2.23"]
[White "Kiolbasa, Oliwia"]
[Black "Shuvalova, Polina"]
[Result "1/2-1/2"]
[WhiteTitle "IM"]
[BlackTitle "IM"]
[WhiteElo "2405"]
[BlackElo "2492"]
[WhiteFideId "1154613"]
[BlackFideId "24171760"]
[EventDate "2025.09.04"]

1. e4 c6 2. d4 d5 3. exd5 cxd5 4. Bd3 Nc6 5. c3 e6 6. Nf3 Bd6 7. O-O Nge7 8. Re1
Bd7 9. b3 Rc8 10. Nbd2 f6 11. Nf1 O-O 12. Ne3 Kh8 13. Bb2 e5 14. c4 e4 15. cxd5
exf3 16. dxc6 Bxc6 17. g3 Bb4 18. Rf1 Qd7 19. a3 Ba5 20. b4 Bb6 21. a4 f5 22. b5
Be4 23. a5 Bc7 24. Nc2 Nd5 25. Ne1 Nb4 26. Bb1 Qxb5 27. Nxf3 Nd5 28. Ra2 Bxb1
29. Qxb1 Bxa5 30. Ne5 Bb6 31. Ra3 Ne7 32. Rc1 Qd5 33. Rxc8 Rxc8 34. Qd1 Kg8 35.
Rd3 Nc6 36. Nxc6 Rxc6 37. Re3 Re6 38. Rxe6 Qxe6 39. d5 Qd7 40. d6 Bd8 41. Qd5+
Kf8 42. h4 a6 43. h5 h6 44. Be5 Qf7 45. Qd4 Qd7 46. Qd5 a5 47. Qf3 Qe6 48. Qc3
Kf7 49. Qd4 g6 50. hxg6+ Kxg6 51. d7 Kf7 52. Bf4 b5 53. Qh8 Qe7 54. Qxh6 a4 55.
Qh7+ Ke6 56. Qg8+ Kxd7 57. Qd5+ Ke8 58. Qg8+ Kd7 59. Qd5+ Ke8 60. Qg8+ 1/2-1/2

[Event "FIDE Women's Grand Swiss"]
[Site "Samarkand UZB"]
[Date "2025.09.05"]
[Round "2.24"]
[White "Muzychuk, Mariya"]
[Black "Gunina, Valentina"]
[Result "1-0"]
[WhiteTitle "GM"]
[BlackTitle "GM"]
[WhiteElo "2484"]
[BlackElo "2418"]
[WhiteFideId "14114550"]
[BlackFideId "4167570"]
[EventDate "2025.09.04"]

1. e4 c5 2. c3 Nf6 3. e5 Nd5 4. Bc4 Nb6 5. Bb3 c4 6. Bc2 Nc6 7. Nf3 d6 8. exd6
Qxd6 9. O-O g6 10. Na3 Bg7 11. b3 cxb3 12. axb3 O-O 13. Nc4 Nxc4 14. bxc4 Qc7
15. d4 b6 16. Re1 Na5 17. Ba3 Nxc4 18. Rxe7 Qd8 19. Qc1 Re8 20. Be4 Rb8 21. Qf4
Be6 22. d5 Nxa3 23. Rxe8+ Qxe8 24. dxe6 Rd8 25. g3 Nb5 26. exf7+ Qxf7 27. Qg5
Qd7 28. Bc6 Qxc6 29. Qxd8+ Bf8 30. Ne5 Qxc3 31. Qd5+ Kh8 32. Rd1 Qc2 33. Qd8 Kg8
34. Ng4 Qc5 35. Nh6+ Kg7 36. Rd7+ Be7 37. Rxe7+ 1-0

[Event "FIDE Women's Grand Swiss"]
[Site "Samarkand UZB"]
[Date "2025.09.05"]
[Round "2.25"]
[White "Narva, Mai"]
[Black "Osmak, Yuliia"]
[Result "1/2-1/2"]
[WhiteTitle "IM"]
[BlackTitle "IM"]
[WhiteElo "2386"]
[BlackElo "2478"]
[WhiteFideId "4500512"]
[BlackFideId "14101602"]
[EventDate "2025.09.04"]

1. e4 c6 2. d4 d5 3. e5 c5 4. dxc5 e6 5. c3 Nd7 6. Nf3 Bxc5 7. Nbd2 Qb6 8. Qe2
Qa6 9. Qd1 Qb6 10. Qe2 Qa6 11. Qxa6 bxa6 12. Nb3 Bb6 13. Nbd4 Ne7 14. Bd3 Ng6
15. Bxg6 hxg6 16. O-O a5 17. Rd1 Ba6 18. Be3 Bc7 19. Bf4 Nc5 20. Rd2 Ne4 21. Rc2
g5 22. Nxg5 Nxg5 23. Bxg5 Bxe5 24. h3 Rc8 25. Be3 a4 26. Rd1 O-O 27. Nf3 Bb8 28.
b3 Bb5 29. Rd4 axb3 30. axb3 f6 31. Rdd2 Rc7 32. Nd4 Bd7 33. Ne2 Rfc8 34. c4 Kf7
35. f4 Be8 36. c5 Rb7 37. Rc3 Rb4 38. f5 exf5 39. Rxd5 f4 40. Bf2 Bc6 41. Rd4
Rb7 42. Rd1 Be5 43. Nd4 Rd7 44. b4 Bb5 45. Rcc1 Rcd8 46. c6 Bxc6 47. Rxc6 Bxd4
48. Rxd4 Rxd4 49. Bxd4 Rxd4 50. Rc7+ Kg6 51. Rxa7 Rxb4 52. Kf2 Rb3 53. Rc7 Kh6
54. Rf7 Ra3 55. Ke2 Re3+ 56. Kf2 Rg3 57. Rf8 Kg5 58. Ra8 Rb3 59. Ra5+ f5 60. Ra4
g6 61. Rc4 Re3 62. Ra4 Re4 63. Ra6 Rb4 64. Rc6 Kh5 65. Ra6 Rb1 66. Rc6 Rb5 67.
Ra6 g5 68. Rf6 Ra5 69. Kf3 Rb5 70. Kf2 Rb2+ 71. Kf3 Rb5 72. Kf2 Rc5 73. Kf3 Rd5
74. Kf2 Rc5 75. Kf3 Ra5 76. Kf2 g4 77. hxg4+ fxg4 78. Rxf4 Kh4 79. Rb4 Ra1 80.
Rc4 Ra2+ 81. Kg1 Kg3 82. Rc3+ Kh4 83. Rc4 Kg3 84. Rc3+ Kh4 85. Rc4 Kg3 1/2-1/2

[Event "FIDE Women's Grand Swiss"]
[Site "Samarkand UZB"]
[Date "2025.09.05"]
[Round "2.26"]
[White "Garifullina, Leya"]
[Black "Manko, Mariia"]
[Result "1-0"]
[WhiteTitle "IM"]
[BlackTitle "WIM"]
[WhiteElo "2477"]
[BlackElo "2313"]
[WhiteFideId "34127035"]
[BlackFideId "14199220"]
[EventDate "2025.09.04"]

1. e4 c5 2. Nf3 Nc6 3. Bb5 g6 4. O-O Bg7 5. d3 d6 6. Bxc6+ bxc6 7. e5 dxe5 8.
Re1 f6 9. Be3 Nh6 10. Bxc5 Nf7 11. Nc3 O-O 12. d4 Bg4 13. dxe5 Qxd1 14. Nxd1
fxe5 15. Nd2 Rfd8 16. Ne4 Nd6 17. Ndc3 Bf5 18. f3 h6 19. Rad1 Bf8 20. a4 g5 21.
g4 Bg6 22. Kf2 Kf7 23. b3 Nb7 24. Be3 Ke8 25. Ne2 Rxd1 26. Rxd1 Nd8 27. Nc1 Ne6
28. Nd3 Bg7 29. Ndc5 Nf4 30. Bc1 h5 31. gxh5 Bxh5 32. Nxg5 Bf6 33. Nce4 a5 34.
Bxf4 exf4 35. Nxf6+ exf6 36. Ne6 Ke7 37. Nxf4 Rh8 38. h4 Bf7 39. h5 f5 40. Kg3
Bxh5 41. Re1+ Kd6 42. Re6+ Kd7 43. Re5 Rg8+ 44. Kf2 Be8 45. Rxf5 Rh8 46. Rxa5
Rh1 47. Rc5 1-0

[Event "FIDE Women's Grand Swiss"]
[Site "Samarkand UZB"]
[Date "2025.09.05"]
[Round "2.27"]
[White "Tokhirjonova, Gulrukhbegim"]
[Black "Yip, Carissa"]
[Result "0-1"]
[WhiteTitle "IM"]
[BlackTitle "IM"]
[WhiteElo "2372"]
[BlackElo "2458"]
[WhiteFideId "14203626"]
[BlackFideId "2090732"]
[EventDate "2025.09.04"]

1. d4 Nf6 2. c4 e6 3. Nc3 d5 4. cxd5 exd5 5. Bg5 Bb4 6. e3 h6 7. Bh4 g5 8. Bg3
h5 9. Qb3 Nc6 10. Bb5 Bd7 11. Ne2 h4 12. Be5 a6 13. Bxc6 Bxc3+ 14. Nxc3 Bxc6 15.
h3 Rh6 16. f3 Nd7 17. Bh2 Qe7 18. O-O-O Nb6 19. e4 O-O-O 20. Rhe1 Qd7 21. Kb1
Re6 22. Qc2 Rde8 23. Qc1 f6 24. e5 fxe5 25. dxe5 Nc4 26. Qxg5 Qh7+ 27. Ka1 Rg8
28. Qc1 Rxg2 29. Re2 Reg6 30. Qf4 Qe7 31. Rde1 b5 32. Qd4 Qe6 33. Qxh4 b4 34.
Nb1 Bb5 35. Qf4 d4 36. Qxd4 Na3 37. Qxb4 Bxe2 38. Qxa3 Rxh2 39. Qf8+ Kb7 40. Qf4
Rgg2 41. Nc3 Bb5 42. Rb1 Qc4 43. Ne4 Rxb2 44. Rxb2 Rh1+ 45. Rb1 Qd4+ 0-1

[Event "FIDE Women's Grand Swiss"]
[Site "Samarkand UZB"]
[Date "2025.09.05"]
[Round "2.28"]
[White "Injac, Teodora"]
[Black "Gomez Barrera, Javiera Belen"]
[Result "1-0"]
[WhiteTitle "IM"]
[BlackTitle "WIM"]
[WhiteElo "2454"]
[BlackElo "2169"]
[WhiteFideId "932400"]
[BlackFideId "3418723"]
[EventDate "2025.09.04"]

1. Nf3 Nf6 2. c4 g6 3. b3 d6 4. Bb2 Bg7 5. g3 O-O 6. Bg2 e5 7. O-O Nc6 8. d3 Re8
9. e4 Nd7 10. Nc3 Nc5 11. h3 Ne6 12. Ne2 Bd7 13. Qd2 a5 14. Rad1 Qe7 15. Rfe1
Ncd4 16. Nexd4 Nxd4 17. Nxd4 exd4 18. e5 dxe5 19. Bxd4 Qd6 20. Bc3 a4 21. b4 c6
22. a3 Rad8 23. Qb2 Bf5 24. Re3 Qc7 25. Qe2 Qb8 26. Re1 h5 27. g4 hxg4 28. hxg4
Bd7 29. g5 Bf5 30. f4 Qd6 31. fxe5 Qe7 32. Rg3 Rd7 33. d4 Red8 34. Qe3 Be6 35.
Bf1 b5 36. c5 Bf5 37. Bg2 Qe6 38. Ba1 Rc8 39. Rf3 Bf8 40. Rf4 Qe7 41. Rxf5 gxf5
42. Bh3 Rcd8 43. Bxf5 Rd5 44. Qf4 Bg7 45. Bc3 Qc7 46. Qh4 Kf8 47. Rf1 Qe7 48.
Qg4 Kg8 49. Kg2 Re8 50. Qh5 1-0

[Event "FIDE Women's Grand Swiss"]
[Site "Samarkand UZB"]
[Date "2025.09.06"]
[Round "3.1"]
[White "Vaishali, Rameshbabu"]
[Black "Badelka, Olga"]
[Result "1-0"]
[WhiteTitle "GM"]
[BlackTitle "IM"]
[WhiteElo "2452"]
[BlackElo "2375"]
[WhiteFideId "5091756"]
[BlackFideId "13509926"]
[EventDate "2025.09.04"]

1. e4 d6 2. d4 Nf6 3. Nc3 g6 4. Be3 Bg7 5. Qd2 a6 6. a4 Nc6 7. Be2 O-O 8. Nf3 e5
9. d5 Ne7 10. h3 Nh5 11. O-O Qe8 12. Nh4 f5 13. exf5 gxf5 14. Qd1 Nf6 15. f4 e4
16. Qd2 Kh8 17. Kh2 Qf7 18. Rad1 b6 19. Rg1 Bb7 20. Bc4 Qh5 21. Qf2 Rae8 22. Bd4
Rg8 23. Be3 Bc8 24. Be2 Qf7 25. g4 fxg4 26. hxg4 Nfxd5 27. Nxd5 Nxd5 28. Rxd5
Bxb2 29. Rh5 Rg7 30. g5 d5 31. g6 Qf6 32. Rxh7+ Rxh7 33. gxh7 d4 34. Ng6+ Kxh7
35. Rg5 dxe3 36. Qh4+ Kg7 37. Ne5+ Kf8 38. Rg8+ 1-0